El fenómeno de la xenofobia en Costa Rica desde una perspectiva histórica /
Se presenta un análisis de la xenofobia en Costa Rica desde una perspectiva histórica. Dicha perspectiva habilita comprender este fenómeno vinculado con diversos factores que condicionan su aparición, entre ellos factores de tipo económico, político y cultural que definen el contexto socio-histórico...
保存先:
| 第一著者: | |
|---|---|
| フォーマット: | テキスト |
| 主題: | |
| タグ: |
タグ追加
タグなし, このレコードへの初めてのタグを付けませんか!
|
MARC
| LEADER | 00000 a a2200000 04500 | ||
|---|---|---|---|
| 001 | 42420 | ||
| 003 | |||
| 040 | |||
| 100 | |a Solís, Pedro J. | ||
| 245 | |a El fenómeno de la xenofobia en Costa Rica desde una perspectiva histórica / |c Pedro J. Solís | ||
| 520 | |a Se presenta un análisis de la xenofobia en Costa Rica desde una perspectiva histórica. Dicha perspectiva habilita comprender este fenómeno vinculado con diversos factores que condicionan su aparición, entre ellos factores de tipo económico, político y cultural que definen el contexto socio-histórico en que la xenofobia aparece. | ||
| 590 | |a EFU/DICIEMBRE2011 | ||
| 650 | |a 1.XENOFOBIA | ||
| 650 | |a 2.MIGRACION | ||
| 650 | |a 3.ESTADO | ||
| 650 | |a 4.DERECHOS HUMANOS | ||
| 650 | |a 5.ANALISIS HISTORICO | ||
| 650 | |a 6.COSTA RICA | ||
| 773 | |g volumen47, número120 ( , 2009), páginas 91-97 | ||
| 999 | |c 31172 |d 31172 | ||
